Statistics for US States by First and Last Letter

Click here to take the quiz!

General Stats

  • This quiz has been taken 400 times
  • The average score is 22 of 31

Answer Stats

First Letter State Last Letter % Correct
AArkansasS
91%
FFloridaA
90%
CColoradoO
89%
GGeorgiaA
89%
KKentuckyY
89%
CCaliforniaA
88%
HHawaiiI
88%
KKansasS
87%
DDelawareE
85%
CConnecticutT
81%
IIllinoisS
81%
MMaineE
80%
IIdahoO
77%
OOhioO
72%
MMarylandD
70%
UUtahH
68%
VVirginiaA
64%
TTexasS
64%
NNew JerseyY
63%
VVermontT
63%
OOregonN
63%
PPennsylvaniaA
63%
RRhode IslandD
63%
TTennesseeE
62%
MMassachusettsS
57%
OOklahomaA
57%
WWyomingG
56%
MMichiganN
55%
WWest VirginiaA
53%
NNew MexicoO
49%
NNew HampshireE
47%

Score Distribution

Percentile by Number Answered

Percent of People with Each Score

Your Score History

You have not taken this quiz